Un español prisionero de los alemanes (Record no. 135320)

MARC details
000 -LEADER
campo de control de longitud fija 00664nam a2200193 i 4500
001 - NÚMERO DE CONTROL
campo de control 135320
003 - IDENTIFICADOR DE NÚMERO DE CONTROL
campo de control ES-MaACL
005 - FECHA Y HORA DE LA ÚLTIMA TRANSACCIÓN
campo de control 20230906194845.0
007 - CAMPO FIJO DE DESCRIPCIÓN FÍSICA--INFORMACIÓN GENERAL
campo de control de longitud fija t|
008 - DATOS DE LONGITUD FIJA--INFORMACIÓN GENERAL
campo de control de longitud fija 070716s1916 sp ||||1| spa d
100 1# - ENTRADA PRINCIPAL--NOMBRE DE PERSONA
Nombre de persona Torras, Valentín.
9 (RLIN) 110722
245 10 - MENCIÓN DEL TÍTULO
Título Un español prisionero de los alemanes
Resto del título : (21 meses de cautiverio) /
Mención de responsabilidad, etc. Valentín Torras ; prólogo de Jacinto O. Picón.
260 ## - PUBLICACIÓN, DISTRIBUCIÓN, ETC.
Lugar de publicación, distribución, etc. Madrid :
Nombre del editor, distribuidor, etc. Tip. Artística,
Fecha de publicación, distribución, etc. 1916.
300 ## - DESCRIPCIÓN FÍSICA
Extensión 238 p. ;
Dimensiones 19 cm.
650 14 - PUNTO DE ACCESO ADICIONAL DE MATERIA--TÉRMINO DE MATERIA
Término de materia o nombre geográfico como elemento de entrada Guerra mundial, 1914-1918-
Subdivisión general Prisioneros-
Subdivisión geográfica Alemania.
9 (RLIN) 13226
700 1# - ENTRADA AGREGADA--NOMBRE PERSONAL
Nombre de persona Picón, Jacinto Octavio,
Fechas asociadas al nombre 1852-1923
9 (RLIN) 91875
852 ## - LOCALIZACIÓN
Ubicación ES-MaACL
Número de control de estantería G-4386
Holdings
Estatus retirado Estado de pérdida Estado de daño No para préstamo Biblioteca de origen Biblioteca actual Ubicación en estantería Fecha de adquisición Fuente de adquisición Total de préstamos Signatura topográfica completa Código de barras Visto por última vez Precio de reemplazo Tipo de ítem Koha
        Biblioteca del Ateneo de Madrid Biblioteca del Ateneo de Madrid Depósito 2 17/01/2008     G-4386 1140845 23/02/2023 23/02/2023 Libro impreso